[Event "Hannover Ihme Cup"]
[Site "Hannover"]
[Date "2017.04.30"]
[Round "4.11"]
[White "Kraeuter, Paavo Alexander"]
[Black "Schmitt, Dirk"]
[Result "0-1"]
[WhiteElo "1689"]
[BlackElo "2036"]
[PlyCount "66"]
[EventDate "2017.04.28"]
[EventType "swiss"]
[EventRounds "5"]
[EventCountry "GER"]
[SourceTitle "EXT 2022"]
[Source "ChessBase"]
[SourceDate "2021.10.06"]
[SourceVersion "1"]
[SourceVersionDate "2021.10.06"]
[SourceQuality "1"]

1. d4 d5 2. c4 c6 3. Nf3 Nf6 4. Nc3 e6 5. e3 Nbd7 6. Bd3 dxc4 7. Bxc4 b5 8. Bd3 Bb7 9. 0-0 a6 10. e4 c5 11. d5 Qc7 12. dxe6 fxe6 13. Ng5 Qc6 14. f4 c4 15. Bc2 b4 16. Na4 h6 17. Nf3 Bc5+ 18. Nxc5 Qxc5+ 19. Kh1 Bxe4 20. Ba4 Bxf3 21. Rxf3 Qd5 22. Qe1 a5 23. f5 e5 24. Bf4 0-0 25. Rd1 Qe4 26. Qxe4 Nxe4 27. Bxd7 exf4 28. Bc6 Rad8 29. Rxd8 Rxd8 30. Ba4 b3 31. g4 Rd1+ 32. Kg2 Rd2+ 33. Kh3 Ng5+ 0-1